000 00599nam a22001937a 4500
005 20251108173313.0
008 250721s9999 xx 000 0 ara d
020 _a9957241575
082 1 4 _a649/إعن
100 1 _aاعنزة، حليمة محمد
245 1 0 _aموسوعة الرعاية المثالية بالأم والطفل والرضيع /
264 1 _aعمان :
_bدار الصفاء للنشر والتوزيع،
_c204.
300 _a240ص.
650 1 7 _aرعاية الطفولة
650 1 7 _aالأطفال
650 1 7 _aالرضع
942 _2ddc
_cBK
999 _c100809
_d100809